[Event "GBR-ch 108th"]
[Site "Torquay"]
[Date "2022.08.21"]
[Round "9.8"]
[White "Balaji, Aaravamudhan"]
[Black "Milchev, Nikolay"]
[Result "1-0"]
[WhiteElo "2194"]
[BlackElo "2408"]
[PlyCount "55"]
[EventDate "2022.08.13"]
[EventType "swiss"]
[EventRounds "9"]
[EventCountry "GBR"]
[SourceTitle "BritBase"]
[Source "John Saunders"]
[SourceDate "2022.08.22"]
[SourceVersion "1"]
[SourceVersionDate "2022.08.22"]
[SourceQuality "2"]

1. d4 Nf6 2. c4 c5 3. d5 b5 4. cxb5 a6 5. bxa6 g6 6. Nc3 Bg7 7. e4 O-O 8. e5
Ne8 9. h4 Bxe5 10. Nf3 Bg7 11. h5 Bxa6 12. hxg6 hxg6 13. Bh6 Bxh6 14. Rxh6 Kg7
15. Qd2 Bxf1 16. Kxf1 Nf6 17. Ke2 Qb6 18. Rah1 Rg8 19. Ne5 Kf8 20. Rh8 d6 21.
Qh6+ Ke8 22. Nc4 Qa6 23. b3 Qc8 24. Qg7 Qg4+ 25. Ke1 Rxh8 26. Rxh8+ Kd7 27. Qf8
Kc7 28. Qd8+ 1-0

[Event "GBR-ch 108th"]
[Site "Torquay"]
[Date "2022.08.21"]
[Round "9.9"]
[White "Taylor, Adam A"]
[Black "Wells, Peter K"]
[Result "1-0"]
[WhiteElo "2204"]
[BlackElo "2396"]
[PlyCount "73"]
[EventDate "2022.08.13"]
[EventType "swiss"]
[EventRounds "9"]
[EventCountry "GBR"]
[SourceTitle "BritBase"]
[Source "John Saunders"]
[SourceDate "2022.08.22"]
[SourceVersion "1"]
[SourceVersionDate "2022.08.22"]
[SourceQuality "2"]

1. Nf3 c5 2. g3 Nc6 3. Bg2 g6 4. c4 Bg7 5. Nc3 d6 6. O-O e6 7. a3 Nge7 8. Rb1
b6 9. b4 Bb7 10. Na4 Rb8 11. Qb3 O-O 12. Bb2 e5 13. e3 Qd7 14. Rfd1 Nf5 15. Nc3
Nce7 16. Ne2 h6 17. Ne1 Bxg2 18. Nxg2 Nc6 19. Bc3 cxb4 20. axb4 b5 21. d3 Rfc8
22. Qa2 Qe6 23. e4 Nfe7 24. Ne3 f5 25. f3 h5 26. Nd5 Kh8 27. Nxe7 Nxe7 28. Qxa7
bxc4 29. dxc4 Qxc4 30. Rb2 Nc6 31. Qe3 fxe4 32. Qxe4 Qe6 33. Nf4 Qd7 34. Nxg6+
Kg8 35. Kg2 Kf7 36. Nxe5+ Nxe5 37. Bxe5 1-0

[Event "GBR-ch 108th"]
[Site "Torquay"]
[Date "2022.08.21"]
[Round "9.10"]
[White "Rudd, Jack"]
[Black "Turner, Max N"]
[Result "1/2-1/2"]
[WhiteElo "2318"]
[BlackElo "2247"]
[PlyCount "125"]
[EventDate "2022.08.13"]
[EventType "swiss"]
[EventRounds "9"]
[EventCountry "GBR"]
[SourceTitle "BritBase"]
[Source "John Saunders"]
[SourceDate "2022.08.22"]
[SourceVersion "1"]
[SourceVersionDate "2022.08.22"]
[SourceQuality "2"]

1. d4 d5 2. c4 e6 3. Nc3 Nf6 4. cxd5 exd5 5. Bg5 c6 6. Qc2 Be7 7. e3 h6 8. Bh4
O-O 9. Bd3 Re8 10. Nf3 Nbd7 11. O-O Ne4 12. Bxe4 Bxh4 13. Bh7+ Kh8 14. Bf5 Be7
15. Rab1 a5 16. a3 Bd6 17. b4 Nf6 18. Bxc8 Qxc8 19. Na4 Qc7 20. Nc5 Ne4 21. g3
Qe7 22. Rb3 axb4 23. axb4 g5 24. Nxe4 dxe4 25. Nd2 f5 26. Nc4 f4 27. f3 fxg3
28. fxe4 gxh2+ 29. Kh1 b5 30. Nxd6 Qxd6 31. e5 Qd5+ 32. e4 Qc4 33. Qxc4 bxc4
34. Rc3 Ra2 35. Rf6 Kg7 36. Rxc4 Rd2 37. Rfxc6 Rf8 38. Rf6 Rxf6 39. exf6+ Kxf6
40. Rc6+ Kg7 41. d5 g4 42. Rc3 Kf6 43. Rg3 h5 44. Rg2 Rd1+ 45. Kxh2 Ke5 46. b5
Rb1 47. Rd2 h4 48. Kg2 Rxb5 49. d6 Rb8 50. d7 Rd8 51. Rd5+ Kxe4 52. Rg5 Kf4 53.
Rd5 h3+ 54. Kh2 Ke4 55. Rd1 Kf3 56. Rd3+ Kf2 57. Rd2+ Ke3 58. Rd6 Ke4 59. Kg3
Ke5 60. Rd2 Ke6 61. Kxg4 Rxd7 62. Rxd7 Kxd7 63. Kxh3 1/2-1/2

[Event "GBR-ch 108th"]
[Site "Torquay"]
[Date "2022.08.21"]
[Round "9.11"]
[White "Merriman, John"]
[Black "Dishman, Stephen"]
[Result "1/2-1/2"]
[WhiteElo "2297"]
[BlackElo "2248"]
[PlyCount "27"]
[EventDate "2022.08.13"]
[EventType "swiss"]
[EventRounds "9"]
[EventCountry "GBR"]
[SourceTitle "BritBase"]
[Source "John Saunders"]
[SourceDate "2022.08.22"]
[SourceVersion "1"]
[SourceVersionDate "2022.08.22"]
[SourceQuality "2"]

1. d4 d5 2. c4 c6 3. Nc3 Nf6 4. e3 a6 5. Qc2 g6 6. Bd3 Bg7 7. Nf3 O-O 8. b3 c5
9. O-O cxd4 10. exd4 Nc6 11. Be3 dxc4 12. Bxc4 Bg4 13. Be2 Rc8 14. Qd2 1/2-1/2

[Event "GBR-ch 108th"]
[Site "Torquay"]
[Date "2022.08.21"]
[Round "9.12"]
[White "Kolbus, Dietmar"]
[Black "Lan Yao"]
[Result "1/2-1/2"]
[WhiteElo "2272"]
[BlackElo "2274"]
[PlyCount "93"]
[EventDate "2022.08.13"]
[EventType "swiss"]
[EventRounds "9"]
[EventCountry "GBR"]
[SourceTitle "BritBase"]
[Source "John Saunders"]
[SourceDate "2022.08.22"]
[SourceVersion "1"]
[SourceVersionDate "2022.08.22"]
[SourceQuality "2"]

1. Nf3 Nf6 2. c4 e6 3. b3 Be7 4. Bb2 O-O 5. g3 b6 6. Bg2 Bb7 7. O-O d5 8. cxd5
exd5 9. d4 Nbd7 10. Nc3 Re8 11. Rc1 a6 12. Qc2 Bd6 13. Nh4 g6 14. Nf3 Qe7 15.
Rfe1 Qf8 16. Nd2 Bb4 17. a3 Bxa3 18. Bxa3 Qxa3 19. Ncb1 Qb4 20. Qxc7 Rab8 21.
Qc3 Qd6 22. e3 Rbc8 23. Qb2 b5 24. b4 Nb6 25. Bh3 Rxc1 26. Rxc1 Nc4 27. Qc3 h5
28. Bg2 h4 29. Nxc4 bxc4 30. Nd2 hxg3 31. hxg3 Rb8 32. e4 Nxe4 33. Bxe4 dxe4
34. Nxc4 Qe6 35. Qd2 Kg7 36. Qf4 Rc8 37. Ne5 Rxc1+ 38. Qxc1 Qf5 39. Qc4 Qf6 40.
b5 axb5 41. Qxb5 Ba6 42. Qb3 Bc8 43. Qe3 Bb7 44. Nd7 Qf5 45. Nc5 Bd5 46. Na4
Kg8 47. Nc3 1/2-1/2

[Event "GBR-ch 108th"]
[Site "Torquay"]
[Date "2022.08.21"]
[Round "9.13"]
[White "Ward, Christopher"]
[Black "Zapolskis, Antanas"]
[Result "1-0"]
[WhiteElo "2402"]
[BlackElo "2266"]
[PlyCount "59"]
[EventDate "2022.08.13"]
[EventType "swiss"]
[EventRounds "9"]
[EventCountry "GBR"]
[SourceTitle "BritBase"]
[Source "John Saunders"]
[SourceDate "2022.08.22"]
[SourceVersion "1"]
[SourceVersionDate "2022.08.22"]
[SourceQuality "2"]

1. d4 b5 2. e4 Bb7 3. Bxb5 Bxe4 4. Nf3 c6 5. Ba4 Qa5+ 6. Nc3 e6 7. O-O Bxf3 8.
Qxf3 Ne7 9. b4 Qf5 10. Qg3 Nd5 11. Nxd5 Qxd5 12. Qc7 Na6 13. Qb7 Nc7 14. Qxc7
Bd6 15. Qa5 Qxd4 16. Be3 Qxb4 17. Qxb4 Bxb4 18. Rab1 a5 19. Rfd1 Rc8 20. Rd3 d5
21. a3 Bd6 22. c4 Ke7 23. c5 Be5 24. Rb7+ Kf6 25. f4 Bc7 26. Bd4+ Kf5 27. Bc2
Kxf4 28. Rf3+ Kg4 29. Rxf7 e5 30. Bf5+ 1-0

[Event "GBR-ch 108th"]
[Site "Torquay"]
[Date "2022.08.21"]
[Round "9.14"]
[White "Pollack, Oscar"]
[Black "Lane, Gary W"]
[Result "1/2-1/2"]
[WhiteElo "2020"]
[BlackElo "2328"]
[PlyCount "70"]
[EventDate "2022.08.13"]
[EventType "swiss"]
[EventRounds "9"]
[EventCountry "GBR"]
[SourceTitle "BritBase"]
[Source "John Saunders"]
[SourceDate "2022.08.22"]
[SourceVersion "1"]
[SourceVersionDate "2022.08.22"]
[SourceQuality "2"]

1. e4 e5 2. Nf3 Nc6 3. Bb5 a6 4. Ba4 Nf6 5. Qe2 b5 6. Bb3 Bc5 7. c3 O-O 8. d3
h6 9. h3 d5 10. Nbd2 dxe4 11. Nxe4 Nxe4 12. Qxe4 Bb7 13. Bxh6 Qd6 14. Be3 Na5
15. Bxc5 Qxc5 16. Qh4 Bxf3 17. gxf3 Nxb3 18. axb3 Qd5 19. O-O-O Qxf3 20. Rhg1
f6 21. Rg6 Rad8 22. Rdg1 Rf7 23. Rh6 Qf4+ 24. Qxf4 exf4 25. d4 Re8 26. Rh4 Re4
27. f3 Re2 28. Rxf4 Rh2 29. h4 Re7 30. Rfg4 Ree2 31. Rxg7+ Kh8 32. Rg8+ Kh7 33.
R8g7+ Kh6 34. R7g6+ Kh5 35. Rg8 Rc2+ 1/2-1/2

[Event "GBR-ch 108th"]
[Site "Torquay"]
[Date "2022.08.21"]
[Round "9.15"]
[White "Birtwistle, Nigel"]
[Black "Toma, Katarzyna"]
[Result "1/2-1/2"]
[WhiteElo "2151"]
[BlackElo "2303"]
[PlyCount "116"]
[EventDate "2022.08.13"]
[EventType "swiss"]
[EventRounds "9"]
[EventCountry "GBR"]
[SourceTitle "BritBase"]
[Source "John Saunders"]
[SourceDate "2022.08.22"]
[SourceVersion "1"]
[SourceVersionDate "2022.08.22"]
[SourceQuality "2"]

1. e4 c5 2. c3 Nf6 3. e5 Nd5 4. d4 cxd4 5. Nf3 e6 6. cxd4 d6 7. Bc4 Nc6 8. O-O
Be7 9. Qe2 O-O 10. Qe4 Ndb4 11. exd6 Qxd6 12. Bf4 Qd8 13. Nc3 Na5 14. Be2 f5
15. Qb1 g5 16. Be5 g4 17. Nd2 Nac6 18. Nc4 Nxd4 19. Rd1 Nxe2+ 20. Nxe2 Nd5 21.
Ne3 Bf6 22. Bxf6 Qxf6 23. Nxd5 exd5 24. Rxd5 Be6 25. Rd4 Rad8 26. Qd3 Rxd4 27.
Qxd4 Qxd4 28. Nxd4 Kf7 29. Re1 Bxa2 30. Nxf5 Kf6 31. Ne3 Be6 32. Rc1 Rd8 33.
Kf1 Rd2 34. Rc2 Rxc2 35. Nxc2 Ke5 36. Ke2 a5 37. Ke3 b5 38. Nd4 Bd7 39. Nb3 a4
40. Nc5 Bc8 41. f4+ Kd5 42. Ne4 b4 43. Nf6+ Kc4 44. Kd2 Kb3 45. Nd5 a3 46. bxa3
bxa3 47. Nc3 Bf5 48. Ne2 Kc4 49. Nc3 Bd7 50. Kc2 Kd4 51. Kd2 h5 52. g3 Be8 53.
Kc2 Ke3 54. Kb3 Kf2 55. f5 Kg2 56. Ne4 Bf7+ 57. Kxa3 Kxh2 58. Kb4 h4 1/2-1/2

[Event "GBR-ch 108th"]
[Site "Torquay"]
[Date "2022.08.21"]
[Round "9.16"]
[White "Lentzos, Ioanis"]
[Black "Richardson, John R"]
[Result "1-0"]
[WhiteElo "2097"]
[BlackElo "2296"]
[PlyCount "95"]
[EventDate "2022.08.13"]
[EventType "swiss"]
[EventRounds "9"]
[EventCountry "GBR"]
[SourceTitle "BritBase"]
[Source "John Saunders"]
[SourceDate "2022.08.22"]
[SourceVersion "1"]
[SourceVersionDate "2022.08.22"]
[SourceQuality "2"]

1. d4 Nf6 2. c4 e6 3. Nf3 b6 4. g3 Ba6 5. b3 Bb4+ 6. Bd2 Be7 7. Nc3 d5 8. cxd5
exd5 9. Bg2 O-O 10. O-O Bb7 11. a3 c5 12. dxc5 bxc5 13. Ne5 Nbd7 14. Bf4 Re8
15. Nc4 Nf8 16. Ne3 Ne6 17. Nexd5 Nxd5 18. Bxd5 Bxd5 19. Nxd5 Bf8 20. Be3 a5
21. a4 Ra7 22. Nc3 Rd7 23. Qc2 Nd4 24. Bxd4 cxd4 25. Nb5 Rde7 26. Qc4 Rxe2 27.
Rad1 Qb6 28. Rxd4 Bc5 29. Rf4 R8e6 30. Qd5 g6 31. Nc3 R2e5 32. Qa8+ Re8 33. Qf3
Qxb3 34. Ne4 Qxf3 35. Nf6+ Kh8 36. Rxf3 Rd8 37. Rc1 Kg7 38. Kg2 Rd4 39. h3 h5
40. g4 hxg4 41. hxg4 Rd6 42. Rxc5 Rxc5 43. Ne8+ Kg8 44. Nxd6 Rd5 45. Ne4 Rd4
46. Nf6+ Kf8 47. Re3 g5 48. Re4 1-0

[Event "GBR-ch 108th"]
[Site "Torquay"]
[Date "2022.08.21"]
[Round "9.17"]
[White "Bradbury, Neil H"]
[Black "Villiers, Thomas"]
[Result "1/2-1/2"]
[WhiteElo "2211"]
[BlackElo "2170"]
[PlyCount "206"]
[EventDate "2022.08.13"]
[EventType "swiss"]
[EventRounds "9"]
[EventCountry "GBR"]
[SourceTitle "BritBase"]
[Source "John Saunders"]
[SourceDate "2022.08.22"]
[SourceVersion "1"]
[SourceVersionDate "2022.08.22"]
[SourceQuality "2"]

1. d4 d5 2. c4 e6 3. Nf3 c5 4. cxd5 exd5 5. g3 Nc6 6. Bg2 Nf6 7. O-O Be7 8.
dxc5 Bxc5 9. Bg5 O-O 10. Nc3 d4 11. Bxf6 Qxf6 12. Nd5 Qd8 13. Nd2 Re8 14. Rc1
Bb6 15. Nc4 Be6 16. Nf4 Bc7 17. Nxe6 Rxe6 18. a3 Qe7 19. b4 a6 20. Rc2 Rd8 21.
Rd2 b5 22. Nb2 Bb6 23. Nd3 Ne5 24. Nxe5 Rxe5 25. Bf3 h5 26. Rd3 h4 27. Qd2 hxg3
28. hxg3 Rd6 29. Kg2 Rh6 30. Rh1 Rxh1 31. Kxh1 Re6 32. Kg2 Rh6 33. Qf4 Qd6 34.
Qe4 Qb8 35. Bg4 Rf6 36. Bf3 Qc8 37. Rd1 Rh6 38. Kg1 Re6 39. Qd3 Qc3 40. Qxc3
dxc3 41. Rd3 a5 42. Rxc3 axb4 43. axb4 Rd6 44. Rc8+ Rd8 45. Rc3 Kf8 46. e3 Rb8
47. Be2 Bd8 48. Kg2 Be7 49. Rb3 g6 50. f4 Ra8 51. Bxb5 Rb8 52. Bc6 Rxb4 53. Rd3
Rc4 54. Bd5 Rc7 55. Rb3 Bf6 56. Kf3 Ke7 57. Kg4 Kf8 58. e4 Bc3 59. e5 Kg7 60.
Rb6 Bd4 61. Ra6 Rd7 62. Be4 Ra7 63. Rd6 Bc5 64. Rc6 Be7 65. Bd3 Bd8 66. Kf3 Re7
67. Ra6 g5 68. Kg4 gxf4 69. gxf4 Rb7 70. Kf5 Be7 71. Be4 Rc7 72. Bc6 Bc5 73.
Bd5 Rd7 74. Ke4 Rc7 75. f5 Ra7 76. Rc6 Ra4+ 77. Kf3 Bd4 78. e6 fxe6 79. fxe6
Ra7 80. Ke4 Bf6 81. Kf5 Be7 82. Rc2 Kh7 83. Ke5 Kg7 84. Rg2+ Kh6 85. Be4 Ra5+
86. Bd5 Ra7 87. Rg8 Kh7 88. Rb8 Kg7 89. Rb3 Kh6 90. Rf3 Bh4 91. Rh3 Kg5 92. Rf3
Kg4 93. Rf4+ Kg3 94. Rf8 Rg7 95. Rf3+ Kg4 96. Rf1 Ra7 97. Rg1+ Kh5 98. Rg8 Be1
99. Kf5 Kh6 100. Rg1 Bc3 101. Rg3 Bb4 102. Rg6+ Kh7 103. Rg3 Be7 1/2-1/2

[Event "GBR-ch 108th"]
[Site "Torquay"]
[Date "2022.08.21"]
[Round "9.18"]
[White "Jackson, Sheila"]
[Black "Hebden, Mark L"]
[Result "0-1"]
[WhiteElo "2070"]
[BlackElo "2476"]
[PlyCount "124"]
[EventDate "2022.08.13"]
[EventType "swiss"]
[EventRounds "9"]
[EventCountry "GBR"]
[SourceTitle "BritBase"]
[Source "John Saunders"]
[SourceDate "2022.08.22"]
[SourceVersion "1"]
[SourceVersionDate "2022.08.22"]
[SourceQuality "2"]

1. e4 e5 2. Nf3 Nc6 3. Bb5 a6 4. Ba4 Nf6 5. O-O Be7 6. d3 b5 7. Bb3 d6 8. Bd2
O-O 9. h3 a5 10. a4 b4 11. Bg5 Be6 12. Nbd2 Qd7 13. Re1 h6 14. Bxf6 Bxf6 15.
Bc4 Ne7 16. Bxe6 fxe6 17. Nc4 Nc6 18. c3 Qf7 19. Qe2 bxc3 20. bxc3 d5 21. Ncd2
d4 22. cxd4 exd4 23. Rec1 Ra6 24. Rc4 e5 25. Rac1 Nb4 26. Nb3 Rb8 27. Nc5 Rab6
28. g3 Qe8 29. Kg2 Nc6 30. Nb3 Be7 31. Nfd2 Bd6 32. h4 Ba3 33. Rb1 Bb4 34. Nc1
Qd7 35. Nf3 Bd6 36. Rxb6 Rxb6 37. Qd1 Nb4 38. Nd2 Rb8 39. Nf3 Kh7 40. Ne2 Rf8
41. Nc1 Kh8 42. Nd2 Qf7 43. Nf3 Na6 44. Nb3 Bb4 45. Qe2 Qe8 46. Qa2 Rf6 47. Nc1
Bd6 48. Qc2 Nb4 49. Qd1 Rf8 50. Nd2 Na6 51. Nf3 Nc5 52. Qc2 Ne6 53. Nb3 Qh5 54.
Nh2 Bb4 55. f3 g5 56. Rc6 Bd6 57. hxg5 Nxg5 58. Qf2 Qh3+ 59. Kg1 Qd7 60. Qc2
Nxf3+ 61. Nxf3 Rxf3 62. Kg2 Qg4 0-1

[Event "GBR-ch 108th"]
[Site "Torquay"]
[Date "2022.08.21"]
[Round "9.19"]
[White "Price, Gwilym"]
[Black "Domenech, Vianney"]
[Result "0-1"]
[WhiteElo "2129"]
[BlackElo "2258"]
[PlyCount "74"]
[EventDate "2022.08.13"]
[EventType "swiss"]
[EventRounds "9"]
[EventCountry "GBR"]
[SourceTitle "BritBase"]
[Source "John Saunders"]
[SourceDate "2022.08.22"]
[SourceVersion "1"]
[SourceVersionDate "2022.08.22"]
[SourceQuality "2"]

1. e4 c5 2. Nf3 d6 3. d4 cxd4 4. Nxd4 Nf6 5. Nc3 a6 6. Nb3 e6 7. g4 b5 8. Bg2
Bb7 9. g5 Nfd7 10. Be3 Nc6 11. Qe2 Rc8 12. O-O-O Na5 13. Kb1 Nc4 14. Bc1 Be7
15. f4 O-O 16. Rd3 b4 17. Nd1 Re8 18. h4 a5 19. h5 Ba6 20. g6 fxg6 21. hxg6 h6
22. e5 Bf8 23. Nf2 a4 24. Nd4 b3 25. Nxe6 Qa5 26. Bd5 Ndb6 27. Rxh6 gxh6 28. g7
Be7 29. Qh5 Na3+ 30. bxa3 bxc2+ 31. Ka1 Bxd3 32. Nxd3 Qxd5 33. Qxh6 Qxd3 34.
Qh8+ Kf7 35. Nd8+ Rcxd8 36. Qh5+ Qg6 37. e6+ Kxg7 0-1

[Event "GBR-ch 108th"]
[Site "Torquay"]
[Date "2022.08.21"]
[Round "9.20"]
[White "Burrows, Martin P"]
[Black "Stoyanov, Viktor"]
[Result "1/2-1/2"]
[WhiteElo "2064"]
[BlackElo "2246"]
[PlyCount "61"]
[EventDate "2022.08.13"]
[EventType "swiss"]
[EventRounds "9"]
[EventCountry "GBR"]
[SourceTitle "BritBase"]
[Source "John Saunders"]
[SourceDate "2022.08.22"]
[SourceVersion "1"]
[SourceVersionDate "2022.08.22"]
[SourceQuality "2"]

1. e4 e5 2. Nf3 Nc6 3. Bb5 a6 4. Ba4 Nf6 5. O-O Nxe4 6. d4 b5 7. Bb3 d5 8. dxe5
Be6 9. Nbd2 Nc5 10. c3 Be7 11. Bc2 d4 12. Ne4 d3 13. Nxc5 dxc2 14. Qxd8+ Rxd8
15. Nxe6 fxe6 16. Be3 Rd5 17. Rfc1 Nxe5 18. Nxe5 Rxe5 19. Rxc2 O-O 20. h3 Bc5
21. Bxc5 Rxc5 22. Re2 Kf7 23. a4 Rd8 24. axb5 axb5 25. Ra7 Rd7 26. f3 Rcd5 27.
Kf2 Ke7 28. Ra6 R7d6 29. Ra7 Rd7 30. Ra6 R7d6 31. Ra7 1/2-1/2

[Event "GBR-ch 108th"]
[Site "Torquay"]
[Date "2022.08.21"]
[Round "9.21"]
[White "Finn, Peter"]
[Black "Storey, Charles H"]
[Result "0-1"]
[WhiteElo "2033"]
[BlackElo "2167"]
[PlyCount "62"]
[EventDate "2022.08.13"]
[EventType "swiss"]
[EventRounds "9"]
[EventCountry "GBR"]
[SourceTitle "BritBase"]
[Source "John Saunders"]
[SourceDate "2022.08.22"]
[SourceVersion "1"]
[SourceVersionDate "2022.08.22"]
[SourceQuality "2"]

1. d4 d5 2. Nf3 c6 3. c4 Nf6 4. Nc3 a6 5. c5 g6 6. Bf4 Bg7 7. e3 Nh5 8. Be5 f6
9. Bxb8 Rxb8 10. Nd2 f5 11. Be2 Nf6 12. f4 Ng4 13. Bxg4 fxg4 14. b4 Bf5 15. O-O
e6 16. Nb3 g5 17. Qd2 gxf4 18. exf4 Qf6 19. Ne2 O-O 20. a4 Qg6 21. Nbc1 b6 22.
cxb6 Rxb6 23. a5 Rb7 24. Ng3 Rfb8 25. Nxf5 exf5 26. Na2 Re7 27. Nc3 Rbe8 28.
Rfd1 h5 29. Qd3 Re3 30. Qc2 g3 31. h3 Bxd4 0-1

[Event "GBR-ch 108th"]
[Site "Torquay"]
[Date "2022.08.21"]
[Round "9.22"]
[White "Okhai, Shabir"]
[Black "Eames, Robert S"]
[Result "1/2-1/2"]
[WhiteElo "2137"]
[BlackElo "2112"]
[PlyCount "194"]
[EventDate "2022.08.13"]
[EventType "swiss"]
[EventRounds "9"]
[EventCountry "GBR"]
[SourceTitle "BritBase"]
[Source "John Saunders"]
[SourceDate "2022.08.22"]
[SourceVersion "1"]
[SourceVersionDate "2022.08.22"]
[SourceQuality "2"]

1. e4 e6 2. d4 d5 3. Nc3 Nf6 4. e5 Nfd7 5. f4 c5 6. Nf3 Nc6 7. Be3 h6 8. Qd2 g5
9. dxc5 gxf4 10. Bxf4 a6 11. O-O-O Nxc5 12. Kb1 b5 13. Bd3 Bd7 14. Ne2 Na5 15.
Ned4 Nc4 16. Qf2 Na4 17. Bc1 Bc5 18. Qg3 Qb6 19. Qh4 Be7 20. Qf4 O-O-O 21. Qxf7
Bc5 22. Qf4 Rdf8 23. Qh4 Rhg8 24. Bf1 Rg6 25. Qe1 Rg4 26. Nb3 Re4 27. Qg3 Be3
28. Nfd2 Na3+ 29. bxa3 Nc3+ 30. Ka1 Nxd1 31. Nxe4 Bxc1 32. Bxb5 Bb2+ 33. Kb1
axb5 34. Nd6+ Kc7 35. Rxd1 Bxa3 36. Qg7 Rb8 37. Qxh6 Qf2 38. Qh3 b4 39. Qf3 Rf8
40. Qxf2 Rxf2 41. Rg1 Re2 42. Nf7 Kb6 43. Nd4 Re4 44. Nf3 Re2 45. h4 Be8 46.
N7g5 Bg6 47. Nd4 Rxe5 48. Ndxe6 Re2 49. Nd4 Rf2 50. Ngf3 Kc5 51. Nb3+ Kd6 52.
Nfd4 Be4 53. g4 Rh2 54. h5 Ke5 55. Re1 Kf4 56. Nc5 Bh7 57. Rg1 Ke3 58. Nce6 Be4
59. Nf5+ Kd2 60. Ned4 Kc3 61. Nb5+ Kd2 62. Nfd4 Ke3 63. Rd1 Kf4 64. Rg1 Ke3 65.
h6 Rxh6 66. Nf5+ Bxf5 67. gxf5 Ke4 68. Rf1 Ke5 69. c3 Kf6 70. Nxa3 bxa3 71. Kc2
Rh3 72. Rf4 Ke5 73. Rf2 Kf6 74. Rd2 Ke5 75. Rd4 Rf3 76. Kb3 Rxf5 77. Kxa3 Rf1
78. Kb4 Kd6 79. Kb5 Rc1 80. Kb4 Rb1+ 81. Ka4 Kc5 82. Rh4 Rc1 83. Kb3 Rb1+ 84.
Kc2 Rb8 85. Rh7 Ra8 86. Kb2 Rb8+ 87. Ka1 d4 88. cxd4+ Kxd4 89. Rc7 Rb5 90. a3
Rc5 91. Rh7 Kc4 92. Kb2 Rb5+ 93. Kc2 Rb8 94. Rh4+ Kc5 95. Kc3 Rb1 96. Rc4+ Kd5
97. Rb4 Rc1+ 1/2-1/2

[Event "GBR-ch 108th"]
[Site "Torquay"]
[Date "2022.08.21"]
[Round "9.23"]
[White "Ethelontis, Alexandros N"]
[Black "Salmons, Calum"]
[Result "0-1"]
[WhiteElo "2055"]
[BlackElo "1944"]
[PlyCount "56"]
[EventDate "2022.08.13"]
[EventType "swiss"]
[EventRounds "9"]
[EventCountry "GBR"]
[SourceTitle "BritBase"]
[Source "John Saunders"]
[SourceDate "2022.08.22"]
[SourceVersion "1"]
[SourceVersionDate "2022.08.22"]
[SourceQuality "2"]

1. Nf3 d5 2. c4 d4 3. b4 c5 4. Qa4+ Bd7 5. b5 Qc7 6. d3 e5 7. g3 h6 8. Bg2 Bd6
9. O-O Nf6 10. e3 O-O 11. exd4 exd4 12. Bb2 Bf5 13. Qc2 Nbd7 14. Nbd2 Rfe8 15.
Rfe1 Ng4 16. a4 Nge5 17. Bf1 a5 18. Rad1 Re7 19. Rb1 b6 20. Red1 Rae8 21. Nh4
Bh7 22. Ng2 g5 23. Re1 h5 24. Kh1 Nf6 25. h4 Nfg4 26. Ne4 Nf3 27. Red1 f5 28.
Nd2 Nxf2# 0-1

[Event "GBR-ch 108th"]
[Site "Torquay"]
[Date "2022.08.21"]
[Round "9.24"]
[White "Brewer, Callum D"]
[Black "Payne, Matthew J"]
[Result "1-0"]
[WhiteElo "2159"]
[BlackElo "2155"]
[PlyCount "87"]
[EventDate "2022.08.13"]
[EventType "swiss"]
[EventRounds "9"]
[EventCountry "GBR"]
[SourceTitle "BritBase"]
[Source "John Saunders"]
[SourceDate "2022.08.22"]
[SourceVersion "1"]
[SourceVersionDate "2022.08.22"]
[SourceQuality "2"]

1. e4 e6 2. d4 d5 3. Nc3 Nf6 4. Bg5 Bb4 5. e5 h6 6. Bh4 g5 7. Bg3 Ne4 8. Nge2
c5 9. a3 Bxc3+ 10. Nxc3 Qa5 11. Qd3 Nc6 12. dxc5 Bd7 13. Qb5 Nxc3 14. Qxa5 Nxa5
15. bxc3 Rc8 16. h4 g4 17. h5 Rxc5 18. Rh4 Rxc3 19. Kd2 Rc5 20. Rxg4 Bb5 21.
Bxb5+ Rxb5 22. Rb4 Nc4+ 23. Kd3 Rxb4 24. axb4 a6 25. Bf4 f6 26. exf6 Kf7 27. f3
Kxf6 28. Rg1 Kg7 29. Bc1 Rc8 30. f4 e5 31. Re1 e4+ 32. Kc3 Ne3+ 33. Kb3 Nxc2
34. Bb2+ Kf7 35. Re2 Nxb4 36. Kxb4 Rc4+ 37. Kb3 a5 38. g4 e3 39. g5 Rxf4 40.
g6+ Kf8 41. Rxe3 Rf5 42. Ba3+ Kg7 43. Re7+ Kf6 44. Rf7+ 1-0

[Event "GBR-ch 108th"]
[Site "Torquay"]
[Date "2022.08.21"]
[Round "9.25"]
[White "Waddington, Michael P"]
[Black "Forster, Matthew"]
[Result "0-1"]
[WhiteElo "2066"]
[BlackElo "2058"]
[PlyCount "90"]
[EventDate "2022.08.13"]
[EventType "swiss"]
[EventRounds "9"]
[EventCountry "GBR"]
[SourceTitle "BritBase"]
[Source "John Saunders"]
[SourceDate "2022.08.22"]
[SourceVersion "1"]
[SourceVersionDate "2022.08.22"]
[SourceQuality "2"]

1. Nc3 d5 2. e4 d4 3. Nce2 e5 4. Ng3 Be6 5. Nf3 f6 6. Be2 g6 7. O-O h5 8. d3 h4
9. Nh1 c5 10. Ne1 Qd7 11. f4 exf4 12. Bxf4 Nc6 13. Nf2 O-O-O 14. Bg4 f5 15. Bh3
Bh6 16. Qd2 Ne5 17. a3 Ng4 18. exf5 gxf5 19. Bxg4 fxg4 20. Ne4 Qc6 21. Qa5 Bxf4
22. Rxf4 Ne7 23. Qxc5 Nd5 24. Qxc6+ bxc6 25. Rf2 Rhf8 26. Rd1 Rxf2 27. Kxf2
Rf8+ 28. Ke2 Ne3 29. Rc1 g3 30. h3 Bd5 31. c3 Bxe4 32. dxe4 Nxg2 33. Nxg2 Rf2+
34. Kd3 Rxg2 35. cxd4 Kd7 36. Ke3 Rh2 37. Kf3 Rxh3 38. Rc5 Rh2 39. d5 Rf2+ 40.
Ke3 h3 41. dxc6+ Kc7 42. Rg5 h2 43. Rxg3 Rf1 44. Rg7+ Kxc6 45. Rg6+ Kd7 0-1

[Event "GBR-ch 108th"]
[Site "Torquay"]
[Date "2022.08.21"]
[Round "9.26"]
[White "Jones, Steven A"]
[Black "Walker, Martin G"]
[Result "0-1"]
[WhiteElo "2210"]
[BlackElo "2135"]
[PlyCount "80"]
[EventDate "2022.08.13"]
[EventType "swiss"]
[EventRounds "9"]
[EventCountry "GBR"]
[SourceTitle "BritBase"]
[Source "John Saunders"]
[SourceDate "2022.08.22"]
[SourceVersion "1"]
[SourceVersionDate "2022.08.22"]
[SourceQuality "2"]

1. e4 Nf6 2. e5 Nd5 3. c4 Nb6 4. d4 d6 5. f4 dxe5 6. fxe5 Nc6 7. Be3 Bf5 8. Nc3
e6 9. Nf3 Bg4 10. Be2 Bxf3 11. gxf3 Qh4+ 12. Bf2 Qf4 13. c5 Nd7 14. Qc1 Qxc1+
15. Rxc1 O-O-O 16. f4 g6 17. O-O Bh6 18. Be3 f6 19. Rf3 fxe5 20. dxe5 Ne7 21.
Bc4 Nf5 22. Bf2 Nxe5 23. Bxe6+ Kb8 24. Rh3 Bxf4 25. Rf1 Ng4 26. Be1 Be3+ 27.
Kh1 Rdf8 28. Bxf5 gxf5 29. c6 bxc6 30. Nd1 f4 31. Bc3 Rhg8 32. Rhf3 Re8 33. Re1
Rd8 34. Nxe3 fxe3 35. h3 Nf2+ 36. Kh2 Nd1 37. Bb4 Rd4 38. a3 Re8 39. Kg3 e2 40.
b3 Nb2 0-1

[Event "GBR-ch 108th"]
[Site "Torquay"]
[Date "2022.08.21"]
[Round "9.27"]
[White "Donaldson, Thomas"]
[Black "Horton, Justin"]
[Result "1/2-1/2"]
[WhiteElo "1982"]
[BlackElo "2058"]
[PlyCount "20"]
[EventDate "2022.08.13"]
[EventType "swiss"]
[EventRounds "9"]
[EventCountry "GBR"]
[SourceTitle "BritBase"]
[Source "John Saunders"]
[SourceDate "2022.08.22"]
[SourceVersion "1"]
[SourceVersionDate "2022.08.22"]
[SourceQuality "2"]

1. e4 e5 2. Nf3 Nc6 3. Bb5 Nf6 4. O-O Nxe4 5. d4 Nd6 6. Bxc6 dxc6 7. dxe5 Nf5
8. Qxd8+ Kxd8 9. h3 Ke8 10. Nc3 h5 1/2-1/2